Normal view
MARC view
- Kalash (Pakistani people)
Entry Topical Term
001 - CONTROL NUMBER
- control field: 4740
003 - CONTROL NUMBER IDENTIFIER
- control field: NUST
005 - DATE AND TIME OF LATEST TRANSACTION
- control field: 20170921110914.0
008 - FIXED-LENGTH DATA ELEMENTS
- fixed length control field: 170921|| aca||aabn | a|a d
040 ## - CATALOGING SOURCE
- Original cataloging agency: NUST
- Transcribing agency: NUST
150 ## - HEADING--TOPICAL TERM
- Topical term or geographic name entry element: Kalash (Pakistani people)
- Form subdivision: Pictorial works.
670 ## - SOURCE DATA FOUND
- Source citation: Work cat.: (NUST)0: Wada, Akiko 4738, Kalasha :, 2003.
